00383 a2200145 450000500170000002000180001708200140003510000160004924500380006525000120010326000390011530000310015470000280018570000240021320250613123250.0 a0-07-246974-9 a658.8 ROS aROSS, A. S. aFundamentals of Corporate Finance a6th Ed. aBoston,bMcGraw-Hill Irwin,c2003. axxix, 776p.bIndex c26 cm aRandolph W. Westerfield a Bradford D. Jordan